Código sanitario. Citas de jurisprudencia. Anotaciones y concordancias. Índice temático
Gorde:
| Erakunde egilea: | |
|---|---|
| Beste egile batzuk: | |
| Formatua: | Liburua |
| Hizkuntza: | gaztelania |
| Argitaratua: |
Santiago, Chile:
LexisNexis,
2005
|
| Edizioa: | Quinta Edición. |
| Gaiak: | |
| Etiketak: |
Etiketa erantsi
Etiketarik gabe, Izan zaitez lehena erregistro honi etiketa jartzen!
|
MARC
| LEADER | 00000nam a2200000 a 4500 | ||
|---|---|---|---|
| 001 | UCK3881 | ||
| 003 | CL-VaPUC | ||
| 005 | 20250102151357.0 | ||
| 008 | 050513e20050000CL |||||||||||||||||spa|d | ||
| 999 | |c 312931 |d 312929 | ||
| 020 | |a 9562384675 | ||
| 040 | |c Pontificia Universidad Católica de Valparaíso | ||
| 082 | 0 | 4 | |a 344.8304 CHI 2005 |2 21 |
| 110 | 1 | |a Chile |9 890760 | |
| 245 | 1 | 0 | |a Código sanitario. |b Citas de jurisprudencia. Anotaciones y concordancias. Índice temático |
| 250 | |a Quinta Edición. |b Actualizada al 18 de febrero de 2005. | ||
| 260 | |a Santiago, Chile: |b LexisNexis, |c 2005 | ||
| 300 | |a 303 páginas | ||
| 505 | |a -Título Preliminar. -Libro Primero. De la Protección y Promoción de la Salud. -Libro Segundo. De la Profilaxis Sanitaria Internacional. -Libro Tercero. De la Higiene y Seguridad del Ambiente y de los Lugares de Trabajo. -Libro Cuarto. De los Productos Farmacéuticos, Alimentos de Uso Médico, Cosméticos y Productos Alimenticios y Artículos de Uso Médico. -Libro Quinto. Del Ejercicio de la Medicina y Profesiones Afines. -Libro Sexto. De los Laboratorios, Farmacias y otros Establecimientos. -Libro Séptimo. De la Observación y Reclusión de los Enfermos Mentales, de los Alcohólicos y de los que presenten Estado de dependencia de otras drogas y substancia. -Libro Octavo. De las Inhumaciones, Exhumaciones y Traslado de Cadáveres. -Libro Noveno. Del Aprovechamiento de Tejidos o Partes del Cuerpo de un Donante Vivo y de la Utilización de Cadáveres o Parte de Ellos con Fines Científicos o Terapéuticos. -Libro Décimo. De los procedimientos y Sanciones. Apéndice: -Ley N.º 19.451. Establece normas sobre trasplante y donación de órganos. (D.O. de 10 de abril de 1996) -Decreto N.º 656. Aprueba reglamento de la Ley N.º 19.451, que establece normas sobre trasplante y donación de órganos. (D.O. de 17 de diciembre de 1997) -Resolución N.º 601 exenta. Aprueba requisitos que deben cumplir los establecimientos asistenciales que efectúen extracción y trasplantes de órganos. (D.O. de 19 de abril de 1999) -Decreto N.º 357. Reglamento general de cementerios. (D.O. de 18 de junio de 1970) -Decreto N.º 161. Reglamento de hospitales y clínicas privadas. (D.O. de 19 de noviembre de 1982) -Decreto N.º 825. Aprueba reglamento de control de productos y elementos de uso médico. (D.O. de 21 de agosto de 1999) -Decreto N.º 3. Aprueba reglamento de protección radiológica de instalaciones radiactivas. (D.O. de 25 de abril de 1985) -Decreto N.º 133. Reglamento sobre autorizaciones para instalaciones radiactivas o equipos generadores de radiaciones ionizantes, personal que se desempeña en ellas, u opere tales equipos y otras actividades afines. (D.O. de 13 de agosto de 1984) -Decreto N.º 466. Aprueba reglamento de farmacias, droguerías, almacenes farmacéuticos, botiquines y depósitos autorizados. (D.O. de 12 de marzo de 1985) -Decreto N.º 405. Reglamento de productos psicotrópicos. (D.O. de 20 de febrero de 1984) -Decreto N.º 404. Reglamento de estupefacientes. (D.O. de 20 de febrero de 1984) -Decreto con Fuerza de Ley N.º 1. Determina materias que requieren autorización sanitaria expresa. (D.O. de 21 de febrero de 1990) -Decreto Ley N.º 2.763. Reorganiza el Ministerio de Salud y crea los servicios de salud, el Fondo Nacional de Salud, el Instituto de Salud Pública de Chile y la Central de Abastecimiento del Sistema Nacional de Servicios de Salud. (D.O. de 3 de agosto de 1979) -Ley N.º 19.937. Modifica el D.L. N.º 2.763, de 1979, con la finalidad de establecer una nueva concepción de la autoridad sanitaria, distintas modalidades de gestión y fortalecer la participación ciudadana. | ||
| 583 | |a last modification |c 20050513 00:00:00 |k Rodrigo Vera | ||
| 650 | 0 | |a Código sanitario |9 387494 | |
| 650 | 0 | |a Legislación sanitaria |9 345887 | |
| 650 | 0 | |a Salud pública |9 258913 | |
| 650 | 0 | |a Servicios sanitarios |9 359723 | |
| 650 | 0 | |a Derecho sanitario |x Jurisprudencia |9 894991 | |
| 700 | |a Krause Muñoz, Soledad |9 894980 | ||
| 942 | |c BK |2 ddc | ||
| 945 | |d 20050513 00:00:00 |a cmena | ||
| 952 | |0 0 |1 0 |2 ddc |4 0 |6 344_830400000000000_CHI_2005 |7 0 |8 FOND_LRYV |9 383826 |a BIBDER |b BIBDER |d 2019-11-22 |i 4126017 |o 344.8304 CHI 2005 |p 4126017 |r 2023-01-25 |w 2019-11-22 |y BK_X |k DER | ||
| 952 | |0 0 |1 0 |4 0 |6 344_830400000000000_CHI_2005 |7 0 |8 R |9 383828 |a BIBDER |b BIBDER |d 2019-11-22 |i 4126033 |l 1 |o 344.8304 CHI 2005 |p 4126033 |r 2023-09-28 |s 2023-09-28 |w 2019-11-22 |y BK_R |k DER | ||